000 01245nam a2200313 i 4500
001 195782
003 SpMaBN
005 20260216183927.0
008 240719s2022 sp a | |||| 000 0dspa
015 _aMON22
017 _aCC 73-2022
_bOficina Depósito Legal Cáceres
020 _a9788412475159
035 _aa7130515
040 _aSpMaBN
_bspa
_cSpMaBN
_erda
_dES-MaACL
080 _a75 Decórdoba, Agustín
100 _aDecórdoba, Agustín,
_d1956-2024
_9237491
_eaut
245 1 0 _aAgustín Decórdoba :
_bel guardián del expresionismo /
_cJosé Antonio Ramos Rubio.
264 1 _a[Plasencia] :
_bHerratas Ediciones,
_c[2022].
300 _a153 páginas :
_bilustraciones (blanco y negro y color) ;
_c26 cm.
600 0 _aDecórdoba, Agustín,
_d1956-2024
_9237491
650 7 _9145189
_aExpresionismo (Arte)
655 7 _2tgfbne
_aLibros ilustrados
_9193653
852 _aES-MaACL
_bR.153367
_cDEPOJ
_jN-8789
_hDonación: José Antonio Ramos Rubio
_xEncuadernación cartoné
_9204630
903 _aRamos Rubio, José Antonio,
_d1963-
_ednr
_9174430
942 _cMONOGRAFIA
_n0
999 _c195782
_d195782